Bulldozer : the war role of the Department of main roads, New South Wales, through the courtesy of the commissioner, D. Craig, esq. /

Bibliographic Details
Main Author: Terry, Michael, 1899-1981
Format: Book
Language:English
Published: Sydney [etc.] : F. Johnson, [1945]
Subjects:

MARC

Tag First Indicator Second Indicator Subfields
LEADER 00000cam a2200000 4500
001 in00000100166
005 20150924160629.0
008 800328s1945 at a 00010 eng d
010 |a  46017233  
035 |a (OCoLC)06141231 
035 |9 AAL0528AM 
040 |a TXA  |c TXA  |d UtOrBLW 
049 |a TXAM  |c [1127831] 
090 |a TE122.N38  |b T4 
100 1 |a Terry, Michael,  |d 1899-1981. 
245 1 0 |a Bulldozer :  |b the war role of the Department of main roads, New South Wales, through the courtesy of the commissioner, D. Craig, esq. /  |c By Michael Terry. 
264 1 |a Sydney [etc.] :  |b F. Johnson,  |c [1945] 
264 4 |c [©1945] 
300 |a 261 pages :  |b illustrations 
336 |a text  |b txt  |2 rdacontent 
337 |a unmediated  |b n  |2 rdamedia 
338 |a volume  |b nc  |2 rdacarrier 
610 1 0 |a New South Wales.  |b Department of Main Roads. 
650 0 |a Roads  |z Australia  |z New South Wales. 
999 |a MARS 
999 f f |s d4f0b10f-a149-3708-b8a1-399ef5f93145  |i b9de384d-ecdd-3885-967c-00cb466ff546  |t 0 
952 f f |p ric  |a Texas A&M University  |b Rellis Campus  |c Joint Library Facility  |d Remote Storage  |t 0  |e TE122.N38 T4  |h Library of Congress classification  |i unmediated -- volume  |m A14805385787 
998 f f |a TE122.N38 T4  |t 0  |l Remote Storage